LEADER 01405nam0 2200349 450 001 000018992 005 20060503140553.0 010 $a8871193024 100 $a20060426d1991----km-y0itaa50------ba 101 0 $aita 102 $aIT 200 1 $a<> linguistica italiana, oggi$eatti del 22. Congresso della Societā di linguistica italiana$eAnacapri, 3-5 ottobre 1988$fAlberto Vārvaro 200 1 $a1 $n0002207 210 $aRoma$cBulzoni$d1991 215 $a204 p.$d21 cm. 225 2 $aPubblicazioni della Societā di linguistica italiana$v29 300 $aIn testa al front.: SLI, Societā di Linguistica italiana 410 1$12001$aPubblicazioni della Societā di linguistica italiana$v29 606 1 $aLinguistica$yItalia$zSec. 20. 676 $a410.72$v(21.ed.)$9Linguistica. Ricerca Metodi statistici 702 1$aVārvaro$bAlberto 712 02$aSocietā di linguistica italiana 801 0$aIT$bUniversitā della Basilicata - B.I.A.$gRICA$2unimarc 912 $a000018992 996 $aLinguistica italiana, oggi$983859 997 $aUNIBAS CAT $aSTD043$b01$c20060426$lBAS01$h1850 CAT $aMDL$b30$c20060502$lBAS01$h1530 CAT $aMDL$b30$c20060503$lBAS01$h1405 CAT $aBATCH$b00$c20070503$lBAS01$h1732 FMT Z30 -1$lBAS01$LBAS01$mBOOK$1BASA1$APolo Storico-Umanistico$2DID$BDidattica$3FP/104379$6104379$5L104379$820060426$f04$FPrestabile Didattica LEADER 02013nam 2200517I 450 001 9910705267403321 005 20140401141933.0 035 $a(CKB)5470000002448691 035 $a(OCoLC)875295553 035 $a(EXLCZ)995470000002448691 100 $a20140401d1985 ua 0 101 0 $aeng 135 $aurbn||||||||| 181 $ctxt$2rdacontent 182 $cc$2rdamedia 183 $acr$2rdacarrier 200 10$aPost-carboniferous tectonics in the Anadarko Basin, Oklahoma $eevidence from side-looking radar imagery /$fK.C. Nielsen and R.J. Stern 210 1$a[Pasadena, Calif.] :$c[Jet Propulsion Laboratory, California Institute of Technology] :$a[Washington, D.C.] :$c[National Aeronautics and Space Administration],$d[1985] 215 $a1 online resource (i12, 5 unnumbered pages) $cmaps 225 1 $aNASA-CR ;$v175458 300 $aTitle from title screen (viewed Mar. 26, 2014). 300 $a"Prepared for the Jet Propulsion Laboratory, California Institute of Technology, sponsored by the National Aeronautics and Space Administration." 300 $a"UTD contribution no. 471." 300 $a"JPL-9950-982." 320 $aIncludes bibliographical references (pages 10-11). 517 $aPost-carboniferous tectonics in the Anadarko Basin, Oklahoma 606 $aGeochronology$2nasat 606 $aGeological faults$2nasat 606 $aOklahoma$2nasat 606 $aStructural basins$2nasat 606 $aTectonics$2nasat 615 7$aGeochronology. 615 7$aGeological faults. 615 7$aOklahoma. 615 7$aStructural basins. 615 7$aTectonics. 700 $aNielsen$b K. C.$01406149 702 $aStern$b Ronald J. 712 02$aJet Propulsion Laboratory (U.S.), 712 02$aUnited States.$bNational Aeronautics and Space Administration, 801 0$bGPO 801 1$bGPO 906 $aBOOK 912 $a9910705267403321 996 $aPost-carboniferous tectonics in the Anadarko Basin, Oklahoma$93484318 997 $aUNINA